000 00530nam a2200181 a 4500
005 20140412111225.0
008 050418s19uu xx 00 eng d
020 _a0-87965-748-0
050 _aTR(GS 420.7
_bS634 Bk.G
100 _aBoning, Richard A.
245 _aGetting the main idea :
_cRichard A. Boning.
_bbooklet G /
250 _aThird Ed.
260 _aNew York :
_bBarnell Loft, Ltd,
_c1982.
300 _a1 v. (unp.)
440 _aSpecific Skills Series
650 _aReading
_xJuvenile literature
999 _c102023
_d102023